000
00346 a2200121 4500
001
ART_2145
005
20260410161723.0
008
260409a
245
1
0
_a
Informática
100
1
_a
Tesoro, José Luis
700
1
_a
Saroka, Raúl Horacio
773
0
_t
Administración de empresas
_g
- Año XVI, Nº 188 (nov. 1985)
_w
REV2036
999
_c
17118
_d
17118